[Event "CFriend AC-2005-Q-00003 email"]
[Site "Chessfriend.com"]
[Date "2005.07.22"]
[Round "1"]
[White "Sidenko, Anatoly Viktorovich"]
[Black "Nad Titus, Petre"]
[Result "1/2-1/2"]
[WhiteElo "2256"]
[BlackElo "2261"]
[PlyCount "51"]
[EventDate "2005.??.??"]
[EventType "tourn (corr)"]
[EventRounds "6"]
[SourceTitle "Corr 2008"]
[Source "ChessBase"]
[SourceDate "2008.06.24"]
[SourceVersion "1"]
[SourceVersionDate "2008.06.24"]
[SourceQuality "1"]

1. d4 Nf6 2. c4 g6 3. Nc3 Bg7 4. e4 d6 5. Nf3 0-0 6. h3 e5 7. d5 a5 8. Bg5 Qe8 9. Be2 Nfd7 10. h4 h6 11. Be3 f5 12. exf5 gxf5 13. g3 Nf6 14. Nh2 f4 15. gxf4 exf4 16. Bd4 c5 17. Bxf6 Rxf6 18. Kd2 Bf5 19. Bg4 Nd7 20. Bxf5 Rxf5 21. Qc2 Qh5 22. Rag1 Ne5 23. Ne4 Rd8 24. Rg2 Rf7 25. Rhg1 Kh8 26. Kc1 1/2-1/2

[Event "CFriend AP-2004-Q-00020 email"]
[Site "Chessfriend.com"]
[Date "2004.12.22"]
[Round "1"]
[White "Gusan, Boris"]
[Black "Nad Titus, Petre"]
[Result "0-1"]
[WhiteElo "1984"]
[BlackElo "2261"]
[PlyCount "28"]
[EventDate "2004.??.??"]
[EventType "tourn (corr)"]
[EventRounds "12"]
[SourceTitle "Corr 2024"]
[Source "ChessBase"]
[SourceDate "2023.10.19"]
[SourceVersion "1"]
[SourceVersionDate "2023.10.19"]
[SourceQuality "1"]

1. d4 Nf6 2. c4 e6 3. Nc3 Bb4 4. Qc2 0-0 5. a3 Bxc3+ 6. Qxc3 b6 7. Bg5 Ba6 8. e3 d6 9. Bd3 Nbd7 10. Ne2 h6 11. Bh4 c5 12. Qb3 Rc8 13. Qa4 Bb7 14. 0-0 Qc7 0-1

[Event "CFriend AP-2004-Q-00020 email"]
[Site "Chessfriend.com"]
[Date "2004.12.22"]
[Round "1"]
[White "Nad Titus, Petre"]
[Black "Florea, Mihai"]
[Result "0-1"]
[WhiteElo "2261"]
[BlackElo "2338"]
[PlyCount "38"]
[EventDate "2004.??.??"]
[EventType "tourn (corr)"]
[EventRounds "12"]
[SourceTitle "Corr 2024"]
[Source "ChessBase"]
[SourceDate "2023.10.19"]
[SourceVersion "1"]
[SourceVersionDate "2023.10.19"]
[SourceQuality "1"]

1. Nf3 d5 2. g3 Nf6 3. Bg2 c6 4. 0-0 Bg4 5. b3 Nbd7 6. Bb2 e6 7. d3 Be7 8. Nbd2 0-0 9. h3 Bh5 10. e4 h6 11. Qe1 Ne8 12. Qe3 Bg6 13. Rfe1 Qb6 14. Qxb6 axb6 15. a4 Bb4 16. Re2 Nef6 17. e5 Ne8 18. Nh4 Bh7 19. f4 Nc7 0-1

[Event "CFriend AP-2004-Q-00020 email"]
[Site "Chessfriend.com"]
[Date "2004.12.22"]
[Round "1"]
[White "Pugachev, Dmitry"]
[Black "Nad Titus, Petre"]
[Result "0-1"]
[WhiteElo "1915"]
[BlackElo "2261"]
[PlyCount "46"]
[EventDate "2004.??.??"]
[EventType "tourn (corr)"]
[EventRounds "12"]
[SourceTitle "Corr 2024"]
[Source "ChessBase"]
[SourceDate "2023.10.19"]
[SourceVersion "1"]
[SourceVersionDate "2023.10.19"]
[SourceQuality "1"]

1. c4 g6 2. d4 Nf6 3. Nc3 Bg7 4. e4 d6 5. Nf3 0-0 6. Be2 e5 7. d5 a5 8. Be3 Ng4 9. Bg5 f6 10. Bh4 h5 11. h3 Nh6 12. 0-0 Na6 13. b3 Bd7 14. Qc2 g5 15. Bg3 f5 16. Bh2 f4 17. a3 g4 18. hxg4 hxg4 19. Nd2 Qg5 20. g3 Qh5 21. Qd1 f3 22. Bd3 Qh3 23. Nxf3 gxf3 0-1